000
00246 a2200097 4500
001
53363
100
_a
yamada, Y
245
_a
Theory & practice in finite structunal analysis
260
_a
Tokyo
_b
University of Tokyo Pr
_c
090
_c
33612
_d
33612
942
_a
NUST-CAE
_c
M
_c
26239
999
_c
288436
_d
288436